000 00563nam a2200193Ia 4500
003 GCL
005 20240530101921.0
008 140319s9999 xx 000 0 ara d
040 _aGCL /
_cGCL
082 0 4 _a810.9
_bم ا
100 1 _aمحمد عنانى
245 1 2 _aالادب وفنونه /
_cمحمد عنانى
260 _a[S.N] :
_bالهيئة المصرية العامة للكتاب ،
_c1991
300 _a151 ص
650 0 4 _aالشعر العربى
650 0 4 _aالادب العربى
650 0 4 _aتاريخ ونقد
942 _2ddc
_cBK
999 _c28694
_d28694